Garrison Guatemala

Gespeichert in:
Bibliographische Detailangaben
Hauptverfasser: Black, George, Jamail, Milton, Stoltz Chinchilla, Norma
Format: Unbekannt
Veröffentlicht: New York: Monthly Review Press, 1984
Schlagworte:
Tags: Tag hinzufügen
Keine Tags, Fügen Sie den ersten Tag hinzu!

MARC

LEADER 000000000a22000000004500
001 000006
020 |a 0853456658 
041 0 |a inglés 
092 0 |a 972.810.52 B627g Fotocopia 
100 1 |a Black, George 
100 1 |a Jamail, Milton 
100 1 |a Stoltz Chinchilla, Norma 
245 1 0 |a Garrison Guatemala 
260 |a New York:   |b Monthly Review Press,   |c 1984 
300 |a 197 páginas 
500 |a número de inscripción 02488 
650 4 |a GUATEMALA 
650 4 |a POLITICA Y GOBIERNO 
650 4 |a HISTORIA 
650 4 |a SIGLO XX 
650 4 |a GUERRILLA 
650 4 |a VIOLENCIA 
650 4 |a 1945-1985 
999 |c 957  |d 957